LEADER 01833nam a2200349 u 4500 001 000000011644 003 CaOOAMICUS 005 20070226105440.0 008 941010s1992 it af u000 u ita u 020 $a8871130979 035 $a10285370 040 $aEFR$bita 041 0 $aita$afre$ager 245 00$aContributi per una storia dell'Abruzzo adriatico nel Medioevo /$ca cura di Roberto Paciocco e Luigi Pellegrini ; indici a cura di Antonio Appignani. 260 $aChieti :$bVecchio faggio,$c1992. 300 $a244 p., [1] p. de pl. :$bill. ;$c24 cm 490 1 $aStudi e fonti di storia medioevale, moderna e contemporanea ;$v1 500 $aIn testa al front.: Universitą degli Studi "G. D'Annunzio" di Chieti, Facoltą di Lettere e Filosofia, Istituto di Storia Medioevale e Moderna. 500 $aIndex: p. 233-244. 504 $aBibliographie en note. 651 4$aAbruzzi$xStoria$yEvo medio.$0(OLS)http://pul/subject/1145 700 1 $aPaciocco, Roberto.$0(OLS)http://pul/name/2906 700 1 $aAppignani, Antonio.$0(OLS)http://pul/name/11182 700 1 $aPellegrini, Luigi.$0(OLS)http://pul/name/1158 710 2 $aUniversitą degli studi "G. D'Annunzio".$bIstituto di storia medioevale e moderna.$0(OLS)http://pul/name/11183 830 0$aStudi e fonti di storia medioevale, moderna e contemporanea (Universitą "G. D'Annunzio" di Chieti) ;$v1.$0(OLS)http://pul/title/16862 850 $aPUL 852 $aPUL$W1$xDP1 Fondo Maccarrone$y58$m1517 A 30$j16447$nBK-PRI$b $qFondi$B16447$CPULBib$Z2$F16447 $H $81 941 1 $a1 996 $6020$a8871130979$9(OLS)http://pul/number/14875 996 $6245$aContributi per una storia dell'Abruzzo adriatico nel Medioevo$9(OLS)http://pul/title/16861 996 $6260$aChieti :$bVecchio faggio$9(OLS)http://pul/publisher/53366 LEADER 01532nam a2200325 a 4500 001 000000173520 003 CaOOAMICUS 005 20200529124633.0 008 200529s2019 it u000 u ita r 020 $a978-88-08-82085-3* 032 $aLibriCat 040 $aPUL$bita 082 04$a348.45 245 00$aFintech: diritti, concorrenza, regole : $ble operazioni di finanziamento tecnologico / $copera diretta da Giusella Finocchiaro e Valeria Falce ; contributi di Chantal Bomprezzi ... [et al.] ; prefazione di Guido Alpa. 260 $aBologna :$bZanichelli,$c©2019. 300 $aXXXV, 556 p. ;$c25 cm 490 1 $aStrumenti del diritto ;$v53 600 14$aAlpa, Guido.$0(OLS)http://pul/subject/46083 700 1 $aFalce, Valeria.$0(OLS)http://pul/name/72941 700 1 $aFinocchiaro, Giusella.$0(OLS)http://pul/name/82761 700 1 $aBomprezzi, Chantal.$0(OLS)http://pul/name/111435 830 0$aStrumenti del diritto ;$v53.$0(OLS)http://pul/title/136502 850 $aPUL 852 $aPUL$W1$xSL Diritto e Scienze Sociali 3$y79$m348 COLL 1.53$j197513$qDDC 21$B202298$CPULBib$Z2$F202298 $H134157 $82 941 1 $a9 996 $6020$a978-88-08-82085-3*$9(OLS)http://pul/number/167521 996 $6082$a348.45$9(OLS)http://pul/classification/373 996 $6245$aFintech: diritti, concorrenza, regole : $ble operazioni di finanziamento tecnologico / $9(OLS)http://pul/title/214699 996 $6260$aBologna :$bZanichelli$9(OLS)http://pul/publisher/48255